| 000 | 00541nam a2200193Ia 4500 | ||
|---|---|---|---|
| 003 | OSt | ||
| 005 | 20260505152918.0 | ||
| 008 | 210210b1990 xxu||||| |||| 00| 0 eng d | ||
| 040 | _cAL | ||
| 041 | _aKannada | ||
| 082 | _a028.8K NAGS | ||
| 100 |
_aNAGAYYA (J M) _dನಾಗಯ್ಯ (ಜೆ ಎಂ) _9263290 |
||
| 245 |
_aSandarba sahitya. _bಸಂದರ್ಭ ಸಾಹಿತ್ಯ. |
||
| 260 |
_aKalaburgi _bVijaya Vikrama Prakashana _c1990 |
||
| 300 | _a288 | ||
| 690 |
_aLibrary Science _9263291 |
||
| 906 | _a045472 | ||
| 942 |
_2ddc _cBK |
||
| 999 |
_c95072 _d95072 |
||